Movies Quiz

Random Movies or Box Office Quiz

Highest Grossing Movies (2008) Quiz Stats

 Plays Quiz Updated Nov 3, 2017

Score 0/30 Timer 08:00
3 Plays Today
% Correct
Iron Man
98.3%
Kung Fu Panda
97.1%
WALL-E
96.6%
Twilight
95.5%
Madagascar: Escape 2 Africa
88.3%
The Dark Knight
88%
Slumdog Millionaire
83.8%
The Incredible Hulk
83.2%
The Curious Case of Benjamin Button
83.1%
Sex and the City
82.8%
Marley & Me
81.3%
Step Brothers
77.8%
Tropic Thunder
77.6%
Hancock
75.8%
Bolt
75.3%
% Correct
Horton Hears a Who!
75%
Indiana Jones and the Kingdom of the Crystal Skull
73%
Yes Man
72.1%
Mamma Mia!
69.3%
Gran Torino
64.4%
Get Smart
61.1%
Quantum of Solace
60.9%
The Chronicles of Narnia: Prince Caspian
60.2%
Journey to the Center of the Earth
54.4%
Wanted
47.2%
The Mummy: Tomb of the Dragon Emperor
46.7%
You Don't Mess with the Zohan
38.3%
Four Christmases
35.6%
Eagle Eye
34.5%
Bedtime Stories
31.9%

You're not logged in!

Compare scores with friends on all Sporcle quizzes.
OR
Log In

You Might Also Like...

Show Comments

Extras

Top Quizzes Today


Score Distribution

Your Account Isn't Verified!

In order to create a playlist on Sporcle, you need to verify the email address you used during registration. Go to your Sporcle Settings to finish the process.

Report this User

Report this user for behavior that violates our Community Guidelines.

Details: